000 00166 a2200073 4500
245 _aESSAYS ON AFRICAN WRITING
_hText
650 _aCONTEMPORARY LITERATURE
005 20191021095130.0
084 _aNONE
999 _c11859
_d11859